Cátedra de Política Económica, curso 1933-34 (Record no. 114426)

MARC details
000 -LEADER
campo de control de longitud fija 00828nam a2200205 i 4500
001 - NÚMERO DE CONTROL
campo de control 114426
003 - IDENTIFICADOR DE NÚMERO DE CONTROL
campo de control ES-MaACL
005 - FECHA Y HORA DE LA ÚLTIMA TRANSACCIÓN
campo de control 20230906190144.0
007 - CAMPO FIJO DE DESCRIPCIÓN FÍSICA--INFORMACIÓN GENERAL
campo de control de longitud fija t|
008 - DATOS DE LONGITUD FIJA--INFORMACIÓN GENERAL
campo de control de longitud fija 070228s1933 sp ||||1| spa d
110 2# - ENTRADA PRINCIPAL--NOMBRE DE ENTIDAD CORPORATIVA
Nombre de entidad corporativa o nombre de jurisdicción como elemento de entrada Escuela de Altos Estudios Mercantiles de Bilbao.
9 (RLIN) 3520
245 10 - MENCIÓN DEL TÍTULO
Título Cátedra de Política Económica, curso 1933-34
Resto del título : Programa (parte general) /
Mención de responsabilidad, etc. Escuela de Altos Estudios Mercantiles, Bilbao ; con un proemio de Ildefonso Cuesta Garrigós.
260 ## - PUBLICACIÓN, DISTRIBUCIÓN, ETC.
Lugar de publicación, distribución, etc. Madrid :
Nombre del editor, distribuidor, etc. [s.n.],
Fecha de publicación, distribución, etc. 1933 (
Fabricante Salvador Cuesta)
300 ## - DESCRIPCIÓN FÍSICA
Extensión XV, 29 p. ;
Dimensiones 22 cm.
490 1# - MENCIÓN DE SERIE
Mención de serie Publicaciones del Seminario de Política Económica ;
Designación de volumen o secuencia 2
700 1# - ENTRADA AGREGADA--NOMBRE PERSONAL
Nombre de persona Cuesta Garrigós, Ildefonso.
9 (RLIN) 42059
830 0# - PUNTO DE ACCESO ADICIONAL DE SERIE-TÍTULO UNIFORME
Título uniforme Publicaciones del Seminario de Política Económica ;
Designación de volumen o secuencia 2
9 (RLIN) 185759
852 ## - LOCALIZACIÓN
Ubicación ES-MaACL
Número de control de estantería 1839-F-12
Holdings
Estatus retirado Estado de pérdida Estado de daño No para préstamo Colección Biblioteca de origen Biblioteca actual Ubicación en estantería Fecha de adquisición Fuente de adquisición Total de préstamos Signatura topográfica completa Código de barras Visto por última vez Precio de reemplazo Tipo de ítem Koha
        Colección de folletos Biblioteca del Ateneo de Madrid Biblioteca del Ateneo de Madrid Depósito folletos 17/01/2008     1839-F-12 1119329 23/02/2023 23/02/2023 Folleto